| Tag |
First Indicator |
Second Indicator |
Subfields |
| LEADER |
00000cam a2200000 4500 |
| 001 |
in00000033906 |
| 005 |
20151007063342.0 |
| 008 |
750520s1954 nyu 00001 eng u |
| 010 |
|
|
|a 53007839
|
| 035 |
|
|
|a (OCoLC)01345536
|
| 035 |
|
|
|9 AAD7196AM
|
| 040 |
|
|
|c KSU
|d TXA
|d UtOrBLW
|
| 049 |
|
|
|a TXAM
|c [232321]
|
| 050 |
0 |
0 |
|a PZ3.T21767
|b Wi
|
| 090 |
|
|
|a PS3539.A9633
|b W42 1954
|
| 092 |
|
|
|a 813
|b T245wi
|
| 100 |
1 |
|
|a Taylor, Peter,
|d 1917-1994.
|
| 245 |
1 |
4 |
|a The widows of Thornton /
|c Peter Taylor.
|
| 250 |
|
|
|a 1st ed.
|
| 264 |
|
1 |
|a New York :
|b Harcourt, Brace,
|c [1954]
|
| 264 |
|
4 |
|c ©1954
|
| 300 |
|
|
|a 310 pages ;
|c 21 cm.
|
| 336 |
|
|
|a text
|b txt
|2 rdacontent
|
| 337 |
|
|
|a unmediated
|b n
|2 rdamedia
|
| 338 |
|
|
|a volume
|b nc
|2 rdacarrier
|
| 500 |
|
|
|a Short stories.
|
| 999 |
|
|
|a MARS
|
| 999 |
f |
f |
|s b460d4fe-77a0-3711-9eb6-6d211082088f
|i 386afd8e-9478-3698-8098-e921c0541c7e
|t 0
|
| 952 |
f |
f |
|p ric
|a Texas A&M University
|b Rellis Campus
|c Joint Library Facility
|d Remote Storage
|t 0
|e PS3539.A9633 W42 1954
|h Library of Congress classification
|i unmediated -- volume
|m A14801252908
|
| 998 |
f |
f |
|a PS3539.A9633 W42 1954
|t 0
|l Remote Storage
|